000 00325nam a2200145Ia 4500
100 _aCengel Y A/ Boles M.A/
942 _cBK
654 _aThermodynamics
245 _aThermodynamics : An 2/e
260 _bMcGraw Hill
_aNew york
_c1994
082 _a621.4021
_bCEN/BO
300 _a987
546 _aENGLISH
999 _c33301
_d33301